Technické normy 2 Seznam platných státních a oborových československých norem
| Format: | Book |
|---|---|
| Language: | Undetermined |
| PhysicalDescription: | 616 s. |
| Published: |
Praha
Vydavatelství norem
1990
|
MARC
| LEADER | 00000nam a2200000 a 4500 | ||
|---|---|---|---|
| 001 | vtls001299960 | ||
| 003 | SK-MaSNL | ||
| 005 | 20260223172056.0 | ||
| 008 | 210928s1990 xx 0 und | ||
| 035 | |a SNK000251946 | ||
| 040 | |a SNK |b slo |c SNK |e AACR2 | ||
| 245 | 1 | |a Technické normy 2 |b Seznam platných státních a oborových československých norem | |
| 260 | |a Praha |b Vydavatelství norem |c 1990 | ||
| 300 | |a 616 s. | ||
| 958 | |a OND | ||
| 999 | |c 629664 |d 631594 | ||
| 952 | |t P60, <06>, [BOOK], {606} |a SNK |b SNK |y PREZ |7 0 |p 17A0081487 |o snkČD 1353/1990/2 |0 0 |1 1 |4 0 |d 1997-08-21 |l 0 |r 2005-01-02 00:00:00 |w 2026-02-23 | ||


